Responses for show #3431 - Monday, July 5, 1999

Contestants

[<< previous game]

Jim Hammond, a screenwriter from Los Angeles, California

Corey Leahy, a business student from Houston, Texas

Sean McGinty, a copywriter from Venice, California

[next game >>]

Jeopardy! Round responses

CONGRESSIONAL DISTRICTS
IT GROWS ON TREES
SCULPTURE
NAME THE MOVIE
SHOPPING SPREE
(Alex: And you're going to love this one...)
LET'S SPEAK SWAHILI!
    $100 12
Las Vegas

Corey
    $100 11
pear tree

Sean
    $100 21
Venus de Milo

Corey
    $100 1
Star Wars

Corey
    $100 23
Elvis Presley

Corey
    $100 4
coffee

Corey
    $200 15
Minnesota

Sean
    $200 13
navel orange

Corey
    $200 22
(Jim: Who is Henry Moore?)

Auguste Rodin

SeanJim
    $200 2
Casablanca

Sean
    $200 25
Honolulu

Corey
    $200 5
sleep

Sean
    $700 16
(Sean: What is Cleveland?)

Akron

Sean
    $300 14
crabapples

Sean
    $300 24
(Alex: A minute to go.)

bronze

Jim
    $300 3
Sunset Boulevard

Jim
    $300 29
Chanel

Corey
    $300 8
(Jim: What are ants?)

insects, bugs, etc.

Jim
    $400 17
(Jim: What is Tennessee?)
(Corey: What is California?)
(S: What is Florida?)

Texas

SeanCoreyJim
Triple Stumper
    $400 19
guacamole

Corey
    $400 26
Frederic Remington

Sean
    $400 6
Young Frankenstein

Sean
    $400 28
shoes

Corey
    $400 9
"Hakuna Matata"

Sean
    $500 18
gerrymandering

Corey
    $500 20
(Jim: What are dates?)

olives

CoreyJim
    $500 30
friezes

Sean
    $500 7
2001: A Space Odyssey

Jim
    $500 27
Ralph Lauren

Corey
    $500 10
11

Corey

Scores at the first commercial break (after clue 15):

Sean Corey Jim
$1,800 $1,000 $1,100

Scores at the end of the Jeopardy! Round:

Sean Corey Jim
$1,800 $3,600 $300

Double Jeopardy! Round responses

GEMS & MINERALS
"HOUSE" MUSIC
PARTY LIKE IT'S 1899
(Alex: What a year for parties!)
WALLACES
RELATIVE LIT
ANAGRAMMED EXISTENTIAL PHILOSOPHERS
    $200 3
red

Jim
    $200 2
"Our House"

Jim
    $200 25
Butch Cassidy

Jim
    $200 17
George Wallace

Corey
    $200 9
Aunt Polly

Corey
    $200 1
Sartre

Corey
    $400 13
(Jim: What is the liver?)

Kidneys

CoreyJim
    $400 7
"Burning Down the House"

Jim
    $400 27
Scott Joplin

Corey
    $400 18
William Wallace

Corey
    $400 20
"Native Son"

Sean
    $400 4
Camus

Jim
    $600 14
Scotland

Corey
    $600 10
a full house

Corey
    $600 28
Brooklyn

Triple Stumper
    $600 19
(Corey: Who is Peter Wallace?)

Chris Wallace

Corey
Triple Stumper
    $600 21
Uncle Wiggily

Triple Stumper
    $600 5
Nietzsche

Jim
    $1,500 15
Morganite

Corey
    $800 11
(Jim: What are "Little Pink Houses"?)
(Alex: [Looks at judges] Yes, we'll accept.)

"Pink Houses"

Jim
    $800 29
[buzzer sounds to end the round]

The Hague

Jim
    $800 24
DeWitt Wallace

Triple Stumper
    $800 22
(Sean: What is "Are You My Mommy?")

"Are You My Mother?"

SeanCorey
    $800 6
Kierkegaard

Sean
    $1000 16
kohl

Corey
    $1000 12
(Jim: What is housewife... American housewife?)

the everyday housewife

Jim
Triple Stumper
    $1000 26
Wallace Stevens

Jim
    $1000 23
(Alex: Minute to go.)

I Never Sang for My Father

Triple Stumper
    $1000 8
Heidegger

Sean

Scores at the end of the Double Jeopardy! Round:

Sean Corey Jim
$3,200 $9,300 $3,500
(lock game)

[wagering suggestions for these scores]

Final Jeopardy! Round responses

WORLD LEADERS
(Alex: Corey, I assume you meant Margaret & not her husband.)
SeanWho Margaret Thatcher
$3,199
JimWho is Khadaffi
$3,500
CoreyWho is Thatcher?
$2,200
Margaret Thatcher

Final scores:

Sean Corey Jim
$6,399 $11,500 $0
2nd place: a trip to Radisson Cable Beach Resort, Nassau, Bahamas New champion: $11,500 3rd place: Calypso watches

Game dynamics:

Coryat scores:

Sean Corey Jim
$3,900 $8,600 $3,500
13 R,
3 W
(including 1 DD)
25 R
(including 1 DD),
2 W
13 R
(including 1 DD),
5 W

Combined Coryat: $16,000

The J! Archive is created by fans, for fans. The Jeopardy! game show and all elements thereof, including but not limited to copyright and trademark thereto, are the property of Jeopardy Productions, Inc. and are protected under law. This website is not affiliated with, sponsored by, or operated by Jeopardy Productions, Inc. Join the discussion at JBoard.tv.